Economía (Record no. 172464)

MARC details
000 -LEADER
campo de control de longitud fija 00637nam a2200217 i 4500
001 - NÚMERO DE CONTROL
campo de control 172464
003 - IDENTIFICADOR DE NÚMERO DE CONTROL
campo de control ES-MaACL
005 - FECHA Y HORA DE LA ÚLTIMA TRANSACCIÓN
campo de control 20250721062645.0
008 - DATOS DE LONGITUD FIJA--INFORMACIÓN GENERAL
campo de control de longitud fija 090708s1992 sp |||| | spa d
017 ## - NÚMERO DE COPYRIGHT O DE DEPÓSITO LEGAL
Número de copyright o de depósito legal M 9019-1992
020 ## - NÚMERO INTERNACIONAL ESTÁNDAR DEL LIBRO
Número Internacional Estándar del Libro 84-7615-494-1
080 ## - NÚMERO DE LA CLASIFICACIÓN DECIMAL UNIVERSAL
Número de la Clasificación Decimal Universal 33(075.8)
100 0# - ENTRADA PRINCIPAL--NOMBRE DE PERSONA
Nombre de persona Mochón Morcillo, Francisco.
9 (RLIN) 81742
245 10 - MENCIÓN DEL TÍTULO
Título Economía
Resto del título : teoría y política /
Mención de responsabilidad, etc. Francisco Mochón Morcillo.
250 ## - MENCION DE EDICION
Mención de edición 2ª ed.
260 ## - PUBLICACIÓN, DISTRIBUCIÓN, ETC.
Lugar de publicación, distribución, etc. Madrid :
Nombre del editor, distribuidor, etc. McGraw-Hill,
Fecha de publicación, distribución, etc. [1992]
300 ## - DESCRIPCIÓN FÍSICA
Extensión XXXI, 844 p. :
Otras características físicas gráf. ;
Dimensiones 24 cm.
650 07 - PUNTO DE ACCESO ADICIONAL DE MATERIA--TÉRMINO DE MATERIA
Término de materia o nombre geográfico como elemento de entrada Economía
Fuente del encabezamiento o término embne
9 (RLIN) 12006
852 ## - LOCALIZACIÓN
Ubicación ES-MaACL
Número de control de estantería E-12776
itemnumber R.143575
Holdings
Estatus retirado Estado de pérdida Estado de daño No para préstamo Biblioteca de origen Biblioteca actual Ubicación en estantería Fecha de adquisición Fuente de adquisición Total de préstamos Signatura topográfica completa Código de barras Visto por última vez Precio de reemplazo Tipo de ítem Koha
        Biblioteca del Ateneo de Madrid Biblioteca del Ateneo de Madrid Depósito 2 08/07/2009     E-12776 1180990 23/02/2023 23/02/2023 Libro impreso